000 00303nam a2200121 i 4500
001 bg
245 0 _aSuperwizory i operacionnye sistemy /
_cp. red. G. Cuttle i P.B. Robinsona.
260 _aMoskwa,
_c1972.
040 _cBPK
041 _apol
942 _cKS
008 s pl f |000 0 pol
999 _c15451
_d15451
856 _uhttp://koha.tu.koszalin.pl/cgi-bin/koha/opac-detail.pl?biblionumber=15451
_yKatalog online BPK